000 00591nam a2200217Ia 4500
003 OSt
005 20220926042211.0
006 a|||||r|||| 00| 0
007 ta
008 220923b |||||||| |||| 00| 0 eng d
037 _cGeneral Book
040 _aRTL
_cRTL
_beng
041 _2eng
_aeng
082 _aXM5:8:(Z2,N56), J6
100 _aJain B R Ed.
_9345935
245 0 _aRights and responsibilities of joint stock compani
260 _c1956
650 _aJoint Stock Company
942 _hXM5:8:(Z2,N56), J6
_cGB
_2CC
999 _c669115
_d669115